Statistics for 10 Biggest Greek Cities by population

Click here to take the quiz!

General Stats

  • This quiz has been taken 407 times
  • The average score is 5 of 10

Answer Stats

PopulationCity% Correct
2.769.221Athens
100%
789.191Thessaloniki
92%
153.655Heraklion
65%
168.202Patra
52%
144.651Larissa
45%
65.574Ioannina
31%
448.997Piraeus
31%
86.046Volos
30%
61.653Trikala
15%
59.125Chalkida
9%

Score Distribution

Percentile by Number Answered

Percent of People with Each Score

Your Score History

You have not taken this quiz